| 000 | 00909nam a2200229 a 4500 | ||
|---|---|---|---|
| 005 | 20210219160419.0 | ||
| 008 | 081107s1986 mx r 000 0 spa d | ||
| 035 | _aUPN01000165230 | ||
| 049 | _aUNE | ||
| 080 | _a37.015. 4:016 =20 REI No.118. | ||
| 100 | 1 | _aReiff, Hans | |
| 245 | 1 | 4 |
_aThe Coordination of education policies and the integration of education plans withthose for science, technology, culture and communication : _bReflections on method and an annotated bibliography / _cHans Reiff, Qutub Khan. |
| 260 |
_aParis : _bUNESCO, _c1986. |
||
| 300 |
_a79 p. ; _bil. |
||
| 440 | 0 |
_aReports and Studies ; _vs.118 |
|
| 690 | _aPolitica educacional- Desarrollo de la educacion | ||
| 690 | _aSociologia de la educacion- Planes educacionales | ||
| 690 | _aPlanes educacionales | ||
| 700 | 1 | _aKhan, Qutub, coaut. | |
| 710 | 2 | _aUnesco. Division of Educational Policy and Planning | |
| 905 | _aUNESCO | ||
| 999 |
_c137342 _d137342 |
||